[Event "Brandenburg Seniors op 13th"]
[Site "Lindow/Mark"]
[Date "2005.09.15"]
[Round "9"]
[White "Schenk, Manfred"]
[Black "Nietsch, Horst"]
[Result "1/2-1/2"]
[WhiteElo "2064"]
[BlackElo "1881"]
[PlyCount "189"]
[EventDate "2005.09.07"]
[EventType "swiss"]
[EventRounds "9"]
[EventCountry "GER"]
[SourceTitle "EXT 2007"]
[Source "ChessBase"]
[SourceDate "2006.11.23"]
[SourceVersion "1"]
[SourceVersionDate "2006.11.23"]
[SourceQuality "1"]

1. Nf3 d5 2. g3 Nf6 3. Bg2 Bg4 4. d4 e6 5. 0-0 Bd6 6. Nbd2 Nbd7 7. Re1 0-0 8. e4 dxe4 9. Nxe4 Nxe4 10. Rxe4 Bf5 11. Re1 c6 12. c4 Bb4 13. Bd2 Qa5 14. Re3 Bxd2 15. Nxd2 Nf6 16. Nb3 Qc7 17. Qd2 b6 18. a4 Rab8 19. a5 Rfd8 20. Qc3 Rd7 21. axb6 axb6 22. Ree1 Rbd8 23. Ra6 Rb8 24. Rea1 h6 25. h3 Kh7 26. Kh2 Bg6 27. Qe3 Bc2 28. Nd2 Rbd8 29. Nf3 Be4 30. Ng5+ hxg5 31. Bxe4+ g6 32. Bg2 Kg7 33. c5 Rb8 34. b4 Nd5 35. Bxd5 Rxd5 36. cxb6 Rxb6 37. Qc3 Qb8 38. Ra8 Qd6 39. Rc8 Qxb4 40. Rxc6 Qxc3 41. Rxc3 Rxd4 42. Ra7 Rd5 43. Rf3 Rf5 44. Kg2 Rb2 45. g4 Rxf3 46. Kxf3 Rb3+ 47. Kg2 Kf6 48. f3 Rb8 49. Kg3 Re8 50. h4 gxh4+ 51. Kxh4 g5+ 52. Kg3 Kg6 53. Ra6 Rd8 54. Rb6 Rd4 55. Ra6 Kf6 56. Rb6 Ke5 57. Rb5+ Rd5 58. Rb7 f5 59. gxf5 exf5 60. Re7+ Kf6 61. Re8 Rd7 62. Rf8+ Rf7 63. Rg8 Rg7 64. Rf8+ Kg6 65. Ra8 Rh7 66. Rf8 f4+ 67. Kg2 Rd7 68. Re8 Kf6 69. Rf8+ Kg7 70. Rf5 Kg6 71. Rf8 Rd6 72. Rg8+ Kf5 73. Rf8+ Rf6 74. Rg8 Re6 75. Rf8+ Kg6 76. Rg8+ Kh6 77. Rh8+ Kg7 78. Ra8 Re2+ 79. Kf1 Rc2 80. Ra6 Rh2 81. Kg1 Rh6 82. Ra7+ Kg6 83. Kg2 Kh5 84. Ra8 g4 85. fxg4+ Kxg4 86. Rg8+ Kf5 87. Rf8+ Ke5 88. Re8+ Re6 89. Ra8 Rg6+ 90. Kf2 Rh6 91. Ra5+ Ke4 92. Ra4+ Kf5 93. Ra8 Rc6 94. Rf8+ Kg5 95. Rg8+ 1/2-1/2

[Event "Brandenburg Seniors op 13th"]
[Site "Lindow/Mark"]
[Date "2005.09.13"]
[Round "7"]
[White "Schenk, Manfred"]
[Black "Kahn, Peter"]
[Result "1/2-1/2"]
[WhiteElo "2064"]
[BlackElo "2018"]
[PlyCount "70"]
[EventDate "2005.09.07"]
[EventType "swiss"]
[EventRounds "9"]
[EventCountry "GER"]
[SourceTitle "EXT 2007"]
[Source "ChessBase"]
[SourceDate "2006.11.23"]
[SourceVersion "1"]
[SourceVersionDate "2006.11.23"]
[SourceQuality "1"]

1. Nf3 d5 2. g3 c6 3. Bg2 Bg4 4. d4 Nd7 5. Nbd2 Ngf6 6. 0-0 e6 7. Re1 Bd6 8. e4 dxe4 9. Nxe4 Nxe4 10. Rxe4 Bf5 11. Re1 h6 12. c4 0-0 13. Bd2 Re8 14. Bc3 Qc7 15. b4 Rad8 16. Qe2 Bg4 17. Qb2 Bf8 18. Re3 Nb6 19. Ne5 Bf5 20. Qb3 Nd7 21. a4 Nxe5 22. Rxe5 Be7 23. Re3 Bf6 24. Qb2 Re7 25. Rd1 Red7 26. d5 Bxc3 27. Rxc3 exd5 28. cxd5 Qe5 29. Qb3 cxd5 30. Re3 Qf6 31. Bxd5 Kh8 32. Ree1 Be6 33. Bxe6 Rxd1 34. Rxd1 Rxd1+ 35. Qxd1 Qxe6 1/2-1/2

[Event "EU-chT Seniors 07th"]
[Site "Dresden"]
[Date "2005.02.19"]
[Round "2"]
[White "Schwertel, Johann"]
[Black "Schenk, Manfred"]
[Result "0-1"]
[WhiteElo "2051"]
[BlackElo "2177"]
[PlyCount "98"]
[EventDate "2005.02.18"]
[EventType "team-swiss"]
[EventRounds "8"]
[EventCountry "GER"]
[SourceTitle "EXT 2006"]
[Source "ChessBase"]
[SourceDate "2005.11.24"]
[SourceVersion "1"]
[SourceVersionDate "2005.11.24"]
[SourceQuality "1"]

1. d4 d5 2. Nf3 Nf6 3. Bf4 c6 4. c3 Bf5 5. e3 e6 6. Be2 Be7 7. Nbd2 Nbd7 8. Ne5 Nxe5 9. Bxe5 0-0 10. 0-0 Nd7 11. Bg3 Bf6 12. f4 Be7 13. Qb3 Qb6 14. Rfe1 Rfe8 15. Bf2 Nf6 16. h3 Ne4 17. Nxe4 Bxe4 18. Qxb6 axb6 19. a3 b5 20. Rad1 f5 21. g4 b6 22. g5 Bc2 23. Rd2 Bb3 24. h4 Rec8 25. Bd1 Bxd1 26. Rdxd1 c5 27. dxc5 bxc5 28. Re2 Ra4 29. Kg2 Kf7 30. h5 Bd8 31. Kf3 Re4 32. Rg1 Ke8 33. g6 h6 34. Rd1 Rb8 35. Be1 Be7 36. Rc2 Rb7 37. Rd3 Rc4 38. Re2 Kd7 39. Bd2 Ra4 40. Bc1 Kc7 41. b4 Ra6 42. Rdd2 Bf6 43. Rc2 Rc6 44. Red2 Kb6 45. Ke2 Rbc7 46. Kd3 cxb4 47. axb4 Rxc3+ 48. Rxc3 Rxc3+ 49. Ke2 Rxc1 0-1

[Event "EU-chT Seniors 07th"]
[Site "Dresden"]
[Date "2005.02.18"]
[Round "1"]
[White "Schenk, Manfred"]
[Black "Vucenovic, Dragomir"]
[Result "0-1"]
[WhiteElo "2177"]
[BlackElo "2277"]
[PlyCount "106"]
[EventDate "2005.02.18"]
[EventType "team-swiss"]
[EventRounds "8"]
[EventCountry "GER"]
[SourceTitle "EXT 2006"]
[Source "ChessBase"]
[SourceDate "2005.11.24"]
[SourceVersion "1"]
[SourceVersionDate "2005.11.24"]
[SourceQuality "1"]

1. d4 Nf6 2. Nf3 b6 3. c4 e6 4. a3 c5 5. e3 Bb7 6. Nc3 Be7 7. Bd3 0-0 8. 0-0 d6 9. Re1 Nbd7 10. b3 a6 11. Bb2 Qc7 12. Qe2 Rac8 13. Rad1 Rfe8 14. h3 Qb8 15. Bc2 Qa8 16. e4 cxd4 17. Rxd4 Bc6 18. Rd2 Qb8 19. Nd4 Bb7 20. Nf3 Bf8 21. Qe3 Ba8 22. Ne2 e5 23. Nc3 g6 24. Bc1 b5 25. cxb5 axb5 26. b4 Nb6 27. Bb3 Nc4 28. Bxc4 Rxc4 29. Nd5 Bxd5 30. exd5 Rec8 31. Bb2 Re4 32. Qd3 Rxe1+ 33. Nxe1 Bh6 34. Rd1 Rc4 35. Nc2 Qc8 36. Ne3 Bxe3 37. Qxe3 Rc2 38. Ba1 Qc4 39. Qf3 Kg7 40. Kh2 Qe4 41. Qxe4 Nxe4 42. f4 f6 43. fxe5 fxe5 44. Rd3 Nf6 45. Bc3 g5 46. Be1 Kg6 47. h4 g4 48. Kg1 Kf5 49. Rd1 Ke4 50. Bd2 Nxd5 51. Bh6 g3 52. Re1+ Kf5 53. Rd1 Ke6 0-1

[Event "Brandenburg-ch Seniors 12th"]
[Site "Lindow/Mark"]
[Date "2004.09.21"]
[Round "5"]
[White "Schenk, Manfred"]
[Black "Mueller, Klaus2222"]
[Result "1-0"]
[WhiteElo "2054"]
[BlackElo "1889"]
[PlyCount "91"]
[EventDate "2004.09.18"]
[EventType "swiss"]
[EventRounds "9"]
[EventCountry "GER"]
[SourceTitle "EXT 2006"]
[Source "ChessBase"]
[SourceDate "2005.11.24"]
[SourceVersion "1"]
[SourceVersionDate "2005.11.24"]
[SourceQuality "1"]

1. d4 d5 2. Nf3 Nf6 3. c4 c6 4. Nc3 e6 5. e3 a6 6. Qc2 Nbd7 7. Bd2 Bd6 8. e4 dxe4 9. Nxe4 Nxe4 10. Qxe4 Nf6 11. Qc2 0-0 12. Bd3 h6 13. 0-0 c5 14. dxc5 Bxc5 15. Rad1 Qe7 16. Bc3 b6 17. a3 Bb7 18. Ne5 Rfd8 19. b4 Bd6 20. Rfe1 Nd7 21. Bh7+ Kf8 22. Rxd6 Nxe5 23. Rxd8+ Rxd8 24. Bxe5 Qg5 25. f4 Qg4 26. Be4 Bxe4 27. Qxe4 Rd2 28. Qf3 Qxf3 29. gxf3 Rc2 30. c5 bxc5 31. Bd6+ Ke8 32. Bxc5 g6 33. Bf2 Kd7 34. Re5 Rc3 35. Ra5 Rc6 36. Kg2 h5 37. Kg3 f6 38. Bd4 Ke7 39. h4 f5 40. Bc5+ Kd7 41. Kf2 Kc7 42. Ke3 Kb7 43. Kd4 Rc8 44. Ke5 Re8 45. Bd6 Rc8 46. Rc5 1-0

[Event "Brandenburg-ch Seniors 12th"]
[Site "Lindow/Mark"]
[Date "2004.09.20"]
[Round "3"]
[White "Schenk, Manfred"]
[Black "Thormann, Werner"]
[Result "1/2-1/2"]
[WhiteElo "2054"]
[BlackElo "1789"]
[PlyCount "88"]
[EventDate "2004.09.18"]
[EventType "swiss"]
[EventRounds "9"]
[EventCountry "GER"]
[SourceTitle "EXT 2006"]
[Source "ChessBase"]
[SourceDate "2005.11.24"]
[SourceVersion "1"]
[SourceVersionDate "2005.11.24"]
[SourceQuality "1"]

1. e4 c5 2. Nf3 d6 3. d4 cxd4 4. Nxd4 Nf6 5. Nc3 g6 6. Be3 Bg7 7. f3 Nc6 8. Qd2 0-0 9. g4 Ne5 10. 0-0-0 Be6 11. Kb1 Rc8 12. h4 Qa5 13. Be2 Bc4 14. g5 Nh5 15. f4 Bxe2 16. Ncxe2 Qxd2 17. Bxd2 Nc4 18. Bc1 e5 19. fxe5 dxe5 20. Nb5 a6 21. Nbc3 Rcd8 22. b3 Na5 23. Be3 Nc6 24. Bb6 Rxd1+ 25. Rxd1 f5 26. gxf6 Bxf6 27. Rh1 Nf4 28. Ng3 h5 29. Rh2 Rf7 30. Nf1 Rd7 31. Ne3 Nd4 32. Ncd5 Bg7 33. Rh1 Nf3 34. Ba5 Rf7 35. Kb2 Nd4 36. Bd8 Nfe6 37. Bb6 Nb5 38. Nc4 Rd7 39. Be3 Nf4 40. Ncb6 Rf7 41. Rh2 Nd6 42. Nc3 Bf6 43. Bc5 Ne8 44. Nbd5 Bd8 1/2-1/2

[Event "Brandenburg-ch Seniors 12th"]
[Site "Lindow/Mark"]
[Date "2004.09.19"]
[Round "2"]
[White "Wiebke, Elfriede"]
[Black "Schenk, Manfred"]
[Result "0-1"]
[WhiteElo "1061"]
[BlackElo "2054"]
[PlyCount "78"]
[EventDate "2004.09.18"]
[EventType "swiss"]
[EventRounds "9"]
[EventCountry "GER"]
[SourceTitle "EXT 2006"]
[Source "ChessBase"]
[SourceDate "2005.11.24"]
[SourceVersion "1"]
[SourceVersionDate "2005.11.24"]
[SourceQuality "1"]

1. e4 c5 2. c4 Nc6 3. Nf3 d6 4. Nc3 g6 5. Be2 Bg7 6. 0-0 e6 7. d3 Nge7 8. Bd2 0-0 9. Bg5 h6 10. Be3 Nd4 11. Bxd4 cxd4 12. Nb5 e5 13. h3 a6 14. Na3 f5 15. b4 b6 16. b5 a5 17. Nc2 Kh7 18. a4 Be6 19. Nd2 Ra7 20. Rc1 f4 21. Bf3 h5 22. Kh2 Ng8 23. Bxh5 gxh5 24. Qxh5+ Bh6 25. Ne1 Nf6 26. Qf3 Rg7 27. g3 fxg3+ 28. fxg3 Bxd2 29. Rc2 Bxe1 30. Rxe1 Ng4+ 31. Qxg4 Bxg4 32. hxg4 Rxg4 33. Kg2 Rxg3+ 34. Kxg3 Qg5+ 35. Kh2 Qh4+ 36. Kg2 Qxe1 37. Kh2 Rf1 38. Kh3 Rf3+ 39. Kg2 Qg3+ 0-1

[Event "GER-chT Seniors 13th"]
[Site "Dresden"]
[Date "2004.08.05"]
[Round "5"]
[White "Schenk, Manfred"]
[Black "Welz, Peter"]
[Result "1/2-1/2"]
[WhiteElo "2172"]
[BlackElo "2172"]
[PlyCount "94"]
[EventDate "2004.08.01"]
[EventType "team"]
[EventRounds "7"]
[EventCountry "GER"]
[SourceTitle "CBM 103 Extra"]
[Source "ChessBase"]
[SourceDate "2005.01.01"]
[SourceVersion "1"]
[SourceVersionDate "2005.01.01"]
[SourceQuality "1"]

1. d4 f5 2. g3 Nf6 3. c4 g6 4. Nc3 Bg7 5. Bg2 0-0 6. Nf3 d6 7. 0-0 Nc6 8. Be3 e5 9. dxe5 dxe5 10. Bc5 Re8 11. e3 e4 12. Nd4 Ne5 13. Ba3 a6 14. Qb3 Nd3 15. Rad1 c5 16. Nde2 Be6 17. Nf4 Bf7 18. Nxd3 exd3 19. Nd5 Nxd5 20. Rxd3 b5 21. Bxd5 Qc7 22. cxb5 c4 23. Qc2 Rac8 24. Rd2 axb5 25. Bb4 Red8 26. Bxf7+ Kxf7 27. Rfd1 Bf6 28. a3 Rxd2 29. Rxd2 Rd8 30. Bc3 Rxd2 31. Qxd2 Bxc3 32. Qxc3 Qd6 33. Qc2 Ke6 34. f3 g5 35. Kf2 Qd5 36. h3 h5 37. Qe2 h4 38. g4 fxg4 39. hxg4 Qd6 40. f4 Kf6 41. Qc2 Qd3 42. Qc3+ Kg6 43. f5+ Kf7 44. Qe5 Qd2+ 45. Kf3 Qd1+ 46. Kf2 Qd2+ 47. Kf3 Qd1+ 1/2-1/2

[Event "GER-chT Seniors 13th"]
[Site "Dresden"]
[Date "2004.08.04"]
[Round "4"]
[White "Limberg, Siegfried"]
[Black "Schenk, Manfred"]
[Result "1-0"]
[WhiteElo "2119"]
[BlackElo "2172"]
[PlyCount "89"]
[EventDate "2004.08.01"]
[EventType "team"]
[EventRounds "7"]
[EventCountry "GER"]
[SourceTitle "CBM 103 Extra"]
[Source "ChessBase"]
[SourceDate "2005.01.01"]
[SourceVersion "1"]
[SourceVersionDate "2005.01.01"]
[SourceQuality "1"]

1. d4 d5 2. Nf3 Nf6 3. e3 c6 4. c4 e6 5. Nc3 Nbd7 6. Qc2 Bd6 7. cxd5 exd5 8. Bd3 0-0 9. 0-0 Re8 10. Rb1 Qe7 11. a3 Ne4 12. Ne1 Ndf6 13. f4 Ng4 14. Nxe4 dxe4 15. Be2 Nf6 16. Bd2 Nd5 17. Qd1 Bd7 18. Rc1 Kh8 19. Kh1 f5 20. g3 g5 21. Ng2 Rg8 22. Rg1 Rg7 23. Bc4 gxf4 24. gxf4 Rag8 25. Bxd5 cxd5 26. Qh5 Rg4 27. Be1 Qf8 28. Qh3 R8g6 29. Bf2 Rh6 30. Nh4 Be7 31. Rxg4 fxg4 32. Qg2 Bxh4 33. Bxh4 Rxh4 34. Rc7 Bc6 35. Qg3 Rh6 36. Qxg4 Rg6 37. Qh5 Qg8 38. Qe5+ Rg7 39. f5 h6 40. Qf6 Kh7 41. Qg6+ Kh8 42. Qxh6+ Qh7 43. Qf6 Be8 44. Qe5 Bf7 45. Rxf7 1-0

[Event "GER-chT Seniors 13th"]
[Site "Dresden"]
[Date "2004.08.01"]
[Round "1"]
[White "Schenk, Manfred"]
[Black "Schwier, Manfred"]
[Result "1/2-1/2"]
[WhiteElo "2172"]
[BlackElo "2142"]
[PlyCount "123"]
[EventDate "2004.08.01"]
[EventType "team"]
[EventRounds "7"]
[EventCountry "GER"]
[SourceTitle "CBM 103 Extra"]
[Source "ChessBase"]
[SourceDate "2005.01.01"]
[SourceVersion "1"]
[SourceVersionDate "2005.01.01"]
[SourceQuality "1"]

1. d4 d5 2. c4 e6 3. Nc3 f5 4. Nf3 c6 5. cxd5 exd5 6. Bg5 Nf6 7. e3 Be7 8. Bd3 0-0 9. 0-0 Ne4 10. Bxe7 Qxe7 11. Qb3 Kh8 12. Rfe1 Nd7 13. a3 g5 14. Re2 Qg7 15. Qc2 Ndf6 16. Ne5 Be6 17. f3 Nxc3 18. bxc3 Nd7 19. Nxd7 Qxd7 20. Rf1 Qd6 21. a4 Rf6 22. Qb2 b6 23. f4 Rh6 24. g3 g4 25. Ra1 Kg8 26. a5 b5 27. Qb4 Bd7 28. Rae1 Rc8 29. Qc5 Rc7 30. Rb2 Rg6 31. Ra2 Qxc5 32. dxc5 h5 33. Kg2 Bc8 34. Rh1 Rcg7 35. Raa1 Be6 36. Kf2 Kf7 37. Rhe1 h4 38. Bf1 Rh6 39. Bg2 Rgh7 40. Rh1 Ke7 41. Ke2 hxg3 42. hxg3 Rh2 43. Rxh2 Rxh2 44. Kf1 Kd7 45. Kg1 Rh8 46. Bf1 Kc7 47. Rb1 Kb7 48. Ra1 Ka8 49. Re1 Kb7 50. Rd1 Ka8 51. Re1 Kb7 52. Rd1 Kc7 53. Rb1 Bc8 54. Bg2 Ba6 55. Rb4 Rb8 56. Bf1 Re8 57. Kf2 Rh8 58. Kg1 Bc8 59. Bg2 Be6 60. Rb1 Re8 61. Kf2 Rh8 62. Kg1 1/2-1/2

[Event "GER North-ch Seniors 6th"]
[Site "Bad Bevensen"]
[Date "2003.06.27"]
[Round "7"]
[White "Schenk, Manfred"]
[Black "Kroener, Otto"]
[Result "1-0"]
[WhiteElo "2055"]
[BlackElo "2146"]
[PlyCount "37"]
[EventDate "2003.06.??"]
[EventType "swiss"]
[EventRounds "9"]
[EventCountry "GER"]
[SourceTitle "EXT 2006"]
[Source "ChessBase"]
[SourceDate "2005.11.24"]
[SourceVersion "1"]
[SourceVersionDate "2005.11.24"]
[SourceQuality "1"]

1. c4 c5 2. Nc3 Nc6 3. d3 Nf6 4. e4 e5 5. f4 d6 6. f5 g6 7. g4 gxf5 8. gxf5 Rg8 9. Be2 Nd4 10. Nf3 Nxf3+ 11. Bxf3 Ng4 12. h4 Nh2 13. Bg5 Rxg5 14. hxg5 Qxg5 15. Kf2 Nxf3 16. Qxf3 Bh6 17. Nd5 Kd7 18. Rag1 Qd2+ 19. Qe2 1-0

[Event "GER North-ch Seniors 6th"]
[Site "Bad Bevensen"]
[Date "2003.06.24"]
[Round "4"]
[White "Schlag, Franz"]
[Black "Schenk, Manfred"]
[Result "1/2-1/2"]
[WhiteElo "2158"]
[BlackElo "2055"]
[PlyCount "42"]
[EventDate "2003.06.??"]
[EventType "swiss"]
[EventRounds "9"]
[EventCountry "GER"]
[SourceTitle "EXT 2006"]
[Source "ChessBase"]
[SourceDate "2005.11.24"]
[SourceVersion "1"]
[SourceVersionDate "2005.11.24"]
[SourceQuality "1"]

1. e4 c6 2. Nc3 d5 3. Qf3 dxe4 4. Nxe4 Nd7 5. d4 Ngf6 6. Bd3 Nxe4 7. Bxe4 Nf6 8. c3 Bg4 9. Qd3 Nxe4 10. Qxe4 Qd7 11. Bf4 Qd5 12. f3 Bf5 13. Qxd5 cxd5 14. Ne2 g6 15. Kd2 Bg7 16. g4 Bd7 17. h3 h5 18. Rae1 hxg4 19. hxg4 0-0-0 20. Nc1 Rxh1 21. Rxh1 Rh8 1/2-1/2

[Event "Brandenburg Seniors op 10th"]
[Site "Uckley"]
[Date "2001.09.27"]
[Round "5"]
[White "Benne, Horst"]
[Black "Schenk, Manfred"]
[Result "1/2-1/2"]
[WhiteElo "2026"]
[BlackElo "2048"]
[PlyCount "24"]
[EventDate "2001.09.??"]
[EventType "swiss"]
[EventRounds "7"]
[EventCountry "GER"]
[SourceTitle "EXT 2006"]
[Source "ChessBase"]
[SourceDate "2005.11.24"]
[SourceVersion "1"]
[SourceVersionDate "2005.11.24"]
[SourceQuality "1"]

1. d4 d5 2. Nc3 Bf5 3. Bf4 e6 4. e3 Bd6 5. Bxd6 Qxd6 6. Bd3 Bxd3 7. Qxd3 Nf6 8. Nf3 Nbd7 9. 0-0 0-0 10. e4 dxe4 11. Nxe4 Nxe4 12. Qxe4 Nf6 1/2-1/2

[Event "Brandenburg Seniors op 10th"]
[Site "Uckley"]
[Date "2001.09.27"]
[Round "6"]
[White "Scheide, Helmut"]
[Black "Schenk, Manfred"]
[Result "1/2-1/2"]
[WhiteElo "1836"]
[BlackElo "2048"]
[PlyCount "89"]
[EventDate "2001.09.??"]
[EventType "swiss"]
[EventRounds "7"]
[EventCountry "GER"]
[SourceTitle "EXT 2006"]
[Source "ChessBase"]
[SourceDate "2005.11.24"]
[SourceVersion "1"]
[SourceVersionDate "2005.11.24"]
[SourceQuality "1"]

1. d4 e6 2. c4 Nf6 3. Nc3 d5 4. Nf3 Nbd7 5. Bg5 c6 6. e3 Qa5 7. Bxf6 Nxf6 8. c5 b6 9. Qa4 Qxa4 10. Nxa4 Nd7 11. Rc1 bxc5 12. dxc5 e5 13. g3 f6 14. Nd2 Rb8 15. b3 f5 16. Nf3 Be7 17. Be2 Bf6 18. h4 g6 19. 0-0 h6 20. Kg2 Rb4 21. Nd2 a5 22. f4 h5 23. fxe5 Bxe5 24. a3 Rb8 25. Rb1 Ra8 26. Nf3 Ba6 27. Bxa6 Rxa6 28. Nd4 Kf7 29. Rfc1 Re8 30. Re1 Bc7 31. Rbc1 Ne5 32. Rc3 Ke7 33. Rec1 Kd7 34. Nb2 Ng4 35. Nd1 Re4 36. Nf3 Ra8 37. Ng5 Re7 38. R1c2 Rae8 39. Kf3 Be5 40. Rd3 Bf6 41. Kf4 Ne5 42. Rdd2 Ng4 43. Rd3 Be5+ 44. Kf3 Bf6 45. Kf4 1/2-1/2

[Event "Brandenburg Seniors op 10th"]
[Site "Uckley"]
[Date "2001.09.25"]
[Round "2"]
[White "Schenk, Manfred"]
[Black "Wolf, Alfred"]
[Result "1-0"]
[WhiteElo "2048"]
[BlackElo "1761"]
[PlyCount "43"]
[EventDate "2001.09.??"]
[EventType "swiss"]
[EventRounds "7"]
[EventCountry "GER"]
[SourceTitle "EXT 2006"]
[Source "ChessBase"]
[SourceDate "2005.11.24"]
[SourceVersion "1"]
[SourceVersionDate "2005.11.24"]
[SourceQuality "1"]

1. e4 d5 2. exd5 Nf6 3. d4 Nxd5 4. c4 Nb6 5. Nf3 Bg4 6. Nc3 Nc6 7. c5 Nd5 8. Bb5 Nxc3 9. bxc3 Qd5 10. Be3 0-0-0 11. Be2 Na5 12. Qa4 b6 13. 0-0 Bd7 14. Qa3 Kb8 15. Ne5 Be8 16. Bf3 Qe6 17. cxb6 cxb6 18. Rab1 Nb7 19. Qa6 Qc8 20. Bf4 Nd6 21. Rxb6+ Kc7 22. Qxa7+ 1-0

[Event "Brandenburg Seniors op 10th"]
[Site "Uckley"]
[Date "2001.09.25"]
[Round "3"]
[White "Troeger, Rainer"]
[Black "Schenk, Manfred"]
[Result "1/2-1/2"]
[WhiteElo "2103"]
[BlackElo "2048"]
[PlyCount "30"]
[EventDate "2001.09.??"]
[EventType "swiss"]
[EventRounds "7"]
[EventCountry "GER"]
[SourceTitle "EXT 2006"]
[Source "ChessBase"]
[SourceDate "2005.11.24"]
[SourceVersion "1"]
[SourceVersionDate "2005.11.24"]
[SourceQuality "1"]

1. Nf3 Nf6 2. g3 g6 3. Bg2 Bg7 4. d3 d6 5. e4 c5 6. 0-0 Nc6 7. Re1 e5 8. c3 0-0 9. d4 cxd4 10. cxd4 Bg4 11. d5 Nd4 12. Be3 Nxf3+ 13. Bxf3 Qd7 14. Nd2 Bxf3 15. Qxf3 Ng4 1/2-1/2

[Event "Brandenburg Seniors op 09th"]
[Site "Uckley"]
[Date "2000.09.28"]
[Round "5"]
[White "Schenk, Manfred"]
[Black "Mueller, Klaus2222"]
[Result "1-0"]
[WhiteElo "2007"]
[BlackElo "1977"]
[PlyCount "73"]
[EventDate "2000.09.25"]
[EventType "swiss"]
[EventRounds "7"]
[EventCountry "GER"]
[SourceTitle "EXT 2006"]
[Source "ChessBase"]
[SourceDate "2005.11.24"]
[SourceVersion "1"]
[SourceVersionDate "2005.11.24"]
[SourceQuality "1"]

1. d4 Nf6 2. c4 e6 3. Nc3 Bb4 4. e3 b6 5. Nf3 Bb7 6. Bd3 Be4 7. 0-0 Bxd3 8. Qxd3 0-0 9. e4 d5 10. cxd5 exd5 11. e5 Ne8 12. Ng5 g6 13. Qh3 h5 14. e6 f5 15. Nf7 Rxf7 16. exf7+ Kxf7 17. Re1 c6 18. Qe3 Qe7 19. Bd2 Qxe3 20. Rxe3 Nd7 21. Rae1 Bd6 22. R3e2 Ndf6 23. f3 b5 24. Rc1 Nc7 25. Nd1 Ne6 26. Be3 Rc8 27. Rec2 Nd8 28. Nf2 Be7 29. Nd3 Nd7 30. g3 Ra8 31. h4 Bd6 32. Kf2 a5 33. Bg5 Be7 34. Bxe7 Kxe7 35. Re2+ Kf6 36. Re8 Nb6 37. Rxd8 1-0

[Event "Brandenburg Seniors op 09th"]
[Site "Uckley"]
[Date "2000.09.27"]
[Round "4"]
[White "Wolf, Alfred"]
[Black "Schenk, Manfred"]
[Result "0-1"]
[WhiteElo "1762"]
[BlackElo "2007"]
[PlyCount "120"]
[EventDate "2000.09.25"]
[EventType "swiss"]
[EventRounds "7"]
[EventCountry "GER"]
[SourceTitle "EXT 2006"]
[Source "ChessBase"]
[SourceDate "2005.11.24"]
[SourceVersion "1"]
[SourceVersionDate "2005.11.24"]
[SourceQuality "1"]

1. d4 Nf6 2. c4 e6 3. Nc3 Bb4 4. a3 Bxc3+ 5. bxc3 b6 6. Bg5 d5 7. e3 0-0 8. Nf3 Nbd7 9. cxd5 exd5 10. Bb5 Bb7 11. Bxd7 Qxd7 12. Bxf6 gxf6 13. Nh4 Kh8 14. Qf3 Qe6 15. 0-0 Rg8 16. Qf5 Ba6 17. Rfe1 Rg5 18. Qxe6 fxe6 19. g3 Bd3 20. f3 Rgg8 21. Rad1 Bc4 22. e4 Rge8 23. e5 f5 24. f4 Rac8 25. Rc1 c5 26. Nf3 Kg7 27. Kf2 h6 28. Ke3 Kf7 29. Nd2 b5 30. Nf3 Rc6 31. Kd2 Rec8 32. dxc5 Ra6 33. Ra1 Rxc5 34. Nd4 Ke7 35. Reb1 Kd7 36. Rb4 Rb6 37. Nb3 Bxb3 38. Rxb3 Rc4 39. Rb4 Kc6 40. Rab1 Kc5 41. Rxc4+ bxc4 42. Rxb6 axb6 43. Ke3 Kb5 44. h3 h5 45. Kd4 Ka4 46. g4 hxg4 47. hxg4 fxg4 48. f5 g3 49. Ke3 d4+ 50. cxd4 c3 51. fxe6 g2 52. Kf2 c2 53. Kxg2 c1Q 54. e7 Qg5+ 55. Kf3 Qxe7 56. Ke4 Qe6 57. d5 Qg4+ 58. Ke3 Qc4 59. d6 Qe6 60. Ke4 Kxa3 0-1

[Event "Brandenburg Seniors op 09th"]
[Site "Uckley"]
[Date "2000.09.25"]
[Round "1"]
[White "Schenk, Manfred"]
[Black "Heinrich, Klaus1111"]
[Result "1-0"]
[WhiteElo "2007"]
[BlackElo "1704"]
[PlyCount "51"]
[EventDate "2000.09.25"]
[EventType "swiss"]
[EventRounds "7"]
[EventCountry "GER"]
[SourceTitle "EXT 2006"]
[Source "ChessBase"]
[SourceDate "2005.11.24"]
[SourceVersion "1"]
[SourceVersionDate "2005.11.24"]
[SourceQuality "1"]

1. d4 d5 2. c4 c6 3. Nf3 Nf6 4. Nc3 e6 5. e3 Bd6 6. Bd3 Nbd7 7. 0-0 0-0 8. e4 dxe4 9. Nxe4 Nxe4 10. Bxe4 h6 11. Bc2 Qc7 12. Re1 Bf4 13. Qd3 g6 14. Bxf4 Qxf4 15. Re4 Qf6 16. Qe3 Qg7 17. Rh4 g5 18. Rh3 Nb6 19. Ne5 f6 20. Ng4 Rd8 21. Nxh6+ Kf8 22. Ng4 Nxc4 23. Qc3 f5 24. Qxc4 Rxd4 25. Qc5+ Kg8 26. Nh6+ 1-0

[Event "Brandenburg Seniors op 09th"]
[Site "Uckley"]
[Date "2000.08.28"]
[Round "6"]
[White "Thormann, Werner"]
[Black "Schenk, Manfred"]
[Result "0-1"]
[WhiteElo "1857"]
[BlackElo "2007"]
[PlyCount "64"]
[EventDate "2000.09.25"]
[EventType "swiss"]
[EventRounds "7"]
[EventCountry "GER"]
[SourceTitle "EXT 2006"]
[Source "ChessBase"]
[SourceDate "2005.11.24"]
[SourceVersion "1"]
[SourceVersionDate "2005.11.24"]
[SourceQuality "1"]

1. c4 e6 2. Nf3 d5 3. b3 c5 4. Bb2 Nf6 5. g3 Nc6 6. Bg2 Be7 7. 0-0 0-0 8. Na3 d4 9. d3 e5 10. Nc2 Bd7 11. Qd2 h6 12. a3 a5 13. e3 Qc7 14. b4 axb4 15. axb4 Rxa1 16. Rxa1 b6 17. b5 Na5 18. Qd1 Bd6 19. Nd2 Bc8 20. e4 Bg4 21. Bf3 h5 22. Ne1 Qd7 23. Nb3 Nxb3 24. Qxb3 Bb8 25. Ra6 Qd6 26. Qd1 Bc8 27. Ra2 Bg4 28. h3 Bxh3 29. Bxh5 Nxh5 30. Qxh5 Bd7 31. Bc1 f5 32. f3 Be8 0-1